El misterio de Layton Court / (Registro nro. 14271)

Detalles MARC
000 -LIDER
fixed length control field 00804cam a2200277 c 4500
001 - NÚMERO DE CONTROL
Identificador de número de control
003 - IDENTIFICACDOR DE NÚMERO DE CONTROL
control field
005 - DATE AND TIME OF LATEST TRANSACTION
control field 20220921083321.0
008 - ELEMENTOS DE LONGITUD FIJA
fixed length control field 110707s2010 sp | |||| 000 f spa
020 ## - ISBN
International Standard Book Number 9788426417787
040 ## - FUENTE DE CATALOGACIÓN
Agencia que crea de manera original el registro BPMSU
Idioma de catalogación spa
Agencia que realiza la transcripción BPMSU
Convenciones de la despripción
082 ## - NÚMERO DE CLASIFICACIÓN DECIMAL DE DEWEY
Classification number 823.91
Item number C862m 2010
Edition number 22
100 1# - ASIENTO PRINCIPAL -- NOMBRE PERSONAL
Nombre personal Berkeley, Anthony
Fechas asociadas con el nombre 1893-1971
Authority record control number
245 13 - MENCIÓN DE TITULO
Título El misterio de Layton Court /
Mención de responsabilidad Anthony Berkeley ; traducción de Miguel Temprano García
Medio (Designación general de material)
250 ## - MENCIÓN DE EDICION
Mención de edición
260 ## - PUBLICACIÓN, DISTRIBUCIÓN, ETC. (PIE DE IMPRENTA)
Lugar de publicación, distribución, etc Barcelona, España
Nombre del editor, distribuidor, etc. Lumen,
Fecha de publicación, distribución, etc 2010
300 ## - DESCRIPCIÓN FÍSICA
Extensión 298 p. ;
Dimensiones 22 cm
490 0# - MENCIÓN DE SERIES
Mención de serie Palabra en el tiempo
650 #4 - ENCABEZAMIENTO DE MATERIA--TEMÁTICO
Término temático o nombre geográfico como elemento de entrada Novela policíaca inglesa.
650 #4 - ENCABEZAMIENTO DE MATERIA--TEMÁTICO
Término temático o nombre geográfico como elemento de entrada Novela de intriga
700 1# - ASIENTO SECUNDARIO -- NOMBRE PERSONAL
Nombre personal Temprano García, Miguel
Fechas asociadas con el nombre 1968-
830 #0 - ASIENTO SECUNDARIO DE SERIE--TÍTULO UNIFORME
Título uniforme Palabra en el tiempo
910 ## - VALIDACIÓN
Validación VMateo V./ Validado
942 ## - ADDED ENTRY ELEMENTS (KOHA)
Source of classification or shelving scheme Dewey Decimal Classification
Koha item type Libros
956 ## - LOCAL ELECTRONIC LOCATION AND ACCESS (OCLC)
Nombre de host 2
Existencias
Withdrawn status Lost status Source of classification or shelving scheme Damaged status Not for loan Collection code Home library Current library Date acquired Total Checkouts Full call number Barcode Date last seen Price effective from Koha item type
    Dewey Decimal Classification     Colección General Biblioteca Pública Metropolitana Salomé Ureña Biblioteca Pública Metropolitana Salomé Ureña 09/21/2022   BPMSU CG 823.91 C862m 2010 BPMSU22090031 09/21/2022 09/21/2022 Libros